Dutch: Prepositions - Statistics

General Stats
  • This quiz has been taken 17 times
  • The average score is 11 of 19
Answer Stats
Hint Answer % Correct
With met
93%
On/at op
93%
In in
87%
For/before voor
80%
In front of voor
80%
Under onder
73%
Over over
73%
To naar
67%
Next to naast
67%
Until/to tot
67%
Between tussen
60%
Behind achter
53%
At/with/near bij
53%
Through door
53%
Out of/ from uit
47%
To/on aan
40%
At/in/on te
20%
Forward vooruit
20%
Backward achteruit
13%
No matching quizzes found
Score Distribution
Percent of People with Each Score
Percentile by Number Answered
Your Score History
You have not taken this quiz